000 00294nam a2200121 a 4500
005 20140513081056.0
008 070202s19uu xx 00 eng d
050 _aP
_bLIF 2006
245 _aLife cycle of a frog.
260 _bCarson Dellosa,
_c2006.
650 _aFrog-
_xcycle
999 _c116517
_d116517